| 000 | 00914nac a22002051u 4500 | ||
|---|---|---|---|
| 010 | _a 2003044836 | ||
| 020 | _a0750677031 (acid-free paper) | ||
| 082 | 0 | 0 |
_a622.3382028 _bF4991 |
| 090 |
_c2404 _d2404 |
||
| 100 | _aFink, Johannes Karl. | ||
| 245 | 1 | 0 |
_aOil field chemicals / _cJohannes Karl Fink. |
| 260 |
_aBurlington,MA. : _bGulf Professional Pub.,2003 _c2003. |
||
| 300 |
_ax, 495 p. : _bill. ; _c24 cm. |
||
| 504 | _aIncludes bibliographical references (p. 345-481) and index. | ||
| 650 | 0 | _aOil field chemicals. | |
| 856 | 4 | 2 |
_3Publisher description _uhttp://www.loc.gov/catdir/description/els031/2003044836.html |
| 856 | 4 | 2 |
_3Table of contents _uhttp://www.loc.gov/catdir/toc/els031/2003044836.html |
| 942 |
_cBB _k622.3382028 F4991 |
||
| 999 |
_c2404 _d2404 |
||